Phân tích và thiết kế hệ thống thông tin

Kaydedildi:
Detaylı Bibliyografya
Yazar: Thạc Bình Cường
Materyal Türü: Kitap
Dil:Undetermined
Baskı/Yayın Bilgisi: H. KHKT 2004
Konular:
Etiketler: Etiketle
Etiket eklenmemiş, İlk siz ekleyin!
Thư viện lưu trữ: Trung tâm Học liệu Trường Đại học Cần Thơ
LEADER 00645nam a2200217Ia 4500
001 CTU_62072
008 210402s9999 xx 000 0 und d
020 |b 27000 
082 |a 005.74 
082 |b C561 
100 |a Thạc Bình Cường 
245 0 |a Phân tích và thiết kế hệ thống thông tin 
245 0 |c Thạc Bình Cường 
260 |a H. 
260 |b KHKT 
260 |c 2004 
526 |a Phân tích và Thiết kế HTTT địa chính 
526 |b MT265 
650 |a information resources,database design 
904 |i Minh 
980 |a Trung tâm Học liệu Trường Đại học Cần Thơ